[Event "Kaupthing op-B 1st"]
[Site "Differdange"]
[Date "2007.07.14"]
[Round "9"]
[White "Pletsch, Claude"]
[Black "Oliva, Jan"]
[Result "1-0"]
[WhiteElo "1903"]
[BlackElo "1840"]
[PlyCount "33"]
[EventDate "2007.07.08"]
[EventType "swiss"]
[EventRounds "9"]
[EventCountry "LUX"]
[SourceTitle "EXT 2008"]
[Source "ChessBase"]
[SourceDate "2007.11.25"]
[SourceVersion "1"]
[SourceVersionDate "2007.11.25"]
[SourceQuality "1"]

1. e4 c5 2. Nc3 e6 3. g3 Nc6 4. Bg2 g6 5. f4 d6 6. Nf3 Bg7 7. d3 Nge7 8. 0-0 0-0 9. Ne2 b5 10. a3 Bb7 11. c3 f5 12. Qb3 Qd7 13. Ng5 d5 14. Qxb5 a6 15. Qxc5 d4 16. e5 h6 17. Qd6 1-0

[Event "Kaupthing op-B 1st"]
[Site "Differdange"]
[Date "2007.07.08"]
[Round "2"]
[White "Bakalarz, Leszek"]
[Black "Pletsch, Claude"]
[Result "0-1"]
[WhiteElo "2105"]
[BlackElo "1903"]
[PlyCount "82"]
[EventDate "2007.07.08"]
[EventType "swiss"]
[EventRounds "9"]
[EventCountry "LUX"]
[SourceTitle "EXT 2008"]
[Source "ChessBase"]
[SourceDate "2007.11.25"]
[SourceVersion "1"]
[SourceVersionDate "2007.11.25"]
[SourceQuality "1"]

1. e4 c5 2. Nf3 d6 3. d4 cxd4 4. Nxd4 Nc6 5. c4 g6 6. Nc3 Bg7 7. Be3 Nf6 8. Be2 h5 9. h3 Bd7 10. 0-0 Qc8 11. Kh2 Ne5 12. Rc1 Neg4+ 13. hxg4 Nxg4+ 14. Bxg4 hxg4+ 15. Kg1 Be5 16. g3 Bf6 17. Nd5 Kf8 18. Nxf6 exf6 19. Kg2 Qe8 20. Qd3 Kg7 21. Rh1 Qe7 22. Bf4 g5 23. Bxd6 Qxd6 24. Rxh8 Rxh8 25. Nf5+ Bxf5 26. Qxd6 Bxe4+ 27. f3 gxf3+ 28. Kg1 f5 29. b4 Rh3 30. c5 Bc6 31. Rc2 Rh1+ 32. Kxh1 f2+ 33. Kh2 f1Q 34. Qd4+ f6 35. Qg1 Qf3 36. Qc1 Be4 37. b5 f4 38. gxf4 Qh5+ 39. Kg1 Qh1+ 40. Kf2 Qg2+ 41. Ke1 Qxc2 0-1